Roentgenodoncia clínica (Record no. 96083)

MARC details
000 -LEADER
campo de control de longitud fija 00718nam a2200193 i 4500
001 - NÚMERO DE CONTROL
campo de control 96083
003 - IDENTIFICADOR DE NÚMERO DE CONTROL
campo de control ES-MaACL
005 - FECHA Y HORA DE LA ÚLTIMA TRANSACCIÓN
campo de control 20230906181832.0
007 - CAMPO FIJO DE DESCRIPCIÓN FÍSICA--INFORMACIÓN GENERAL
campo de control de longitud fija t|
008 - DATOS DE LONGITUD FIJA--INFORMACIÓN GENERAL
campo de control de longitud fija 050610s1947 sp ||||1| spa d
100 1# - ENTRADA PRINCIPAL--NOMBRE DE PERSONA
Nombre de persona Mac Call, John Oppie.
9 (RLIN) 75005
245 10 - MENCIÓN DEL TÍTULO
Título Roentgenodoncia clínica
Resto del título : técnica e interpretación con estudios roentenográficos del niño y del adulto joven /
Mención de responsabilidad, etc. por John Oppie Mac Call y Samuel Stanley Wald; traducción del Dr. J. Vila Torrent.
250 ## - MENCION DE EDICION
Mención de edición [1 ª ed.].
260 ## - PUBLICACIÓN, DISTRIBUCIÓN, ETC.
Lugar de publicación, distribución, etc. Barcelona :
Nombre del editor, distribuidor, etc. Salvat,
Fecha de publicación, distribución, etc. 1947.
300 ## - DESCRIPCIÓN FÍSICA
Extensión XVI, 340 p. con 12 lám ;
Dimensiones 25 cm.
700 1# - ENTRADA AGREGADA--NOMBRE PERSONAL
Nombre de persona Stanley Wald, Samuel.
9 (RLIN) 107910
700 1# - ENTRADA AGREGADA--NOMBRE PERSONAL
Nombre de persona Vilá y Torrent, José.
9 (RLIN) 114741
852 ## - LOCALIZACIÓN
Ubicación ES-MaACL
Número de control de estantería C-4025
Sublocalización o colección R.23757
Holdings
Estatus retirado Estado de pérdida Estado de daño No para préstamo Biblioteca de origen Biblioteca actual Ubicación en estantería Fecha de adquisición Fuente de adquisición Total de préstamos Signatura topográfica completa Código de barras Visto por última vez Precio de reemplazo Tipo de ítem Koha
        Biblioteca del Ateneo de Madrid Biblioteca del Ateneo de Madrid Sala Palomar 17/01/2008     C-4025 1100319 23/02/2023 23/02/2023 Libro impreso